[Event "Paignton op"]
[Site "Paignton"]
[Date "2019.09.07"]
[Round "9"]
[White "Robertson, Jim"]
[Black "Hurst, Eddie"]
[Result "0-1"]
[WhiteElo "1576"]
[BlackElo "1917"]
[PlyCount "32"]
[EventDate "2019.08.31"]
[EventType "swiss"]
[EventRounds "9"]
[EventCountry "ENG"]
[SourceTitle "EXT 2020"]
[Source "ChessBase"]
[SourceDate "2019.10.17"]
[SourceVersion "1"]
[SourceVersionDate "2019.10.17"]
[SourceQuality "1"]

1. d4 d5 2. e3 Bf5 3. Bd3 Bg6 4. f4 e6 5. Nf3 c5 6. Bb5+ Nc6 7. Ne5 Qb6 8. Bxc6+ bxc6 9. Nxg6 hxg6 10. c3 Nf6 11. Nd2 Bd6 12. Qe2 cxd4 13. exd4 Bxf4 14. 0-0 Bxh2+ 15. Kf2 Qc7 16. Nf3 Ne4+ 0-1

[Event "Paignton op"]
[Site "Paignton"]
[Date "2019.09.06"]
[Round "8"]
[White "Hurst, Eddie"]
[Black "French, Angus"]
[Result "1/2-1/2"]
[WhiteElo "1917"]
[BlackElo "1984"]
[PlyCount "55"]
[EventDate "2019.08.31"]
[EventType "swiss"]
[EventRounds "9"]
[EventCountry "ENG"]
[SourceTitle "EXT 2020"]
[Source "ChessBase"]
[SourceDate "2019.10.17"]
[SourceVersion "1"]
[SourceVersionDate "2019.10.17"]
[SourceQuality "1"]

1. Nf3 d5 2. b3 Nf6 3. Bb2 Bf5 4. e3 e6 5. Be2 h6 6. 0-0 Be7 7. d4 0-0 8. c4 c6 9. Ne5 Nbd7 10. f4 Ne4 11. Nd2 Nxd2 12. Qxd2 Nf6 13. Bf3 Ne4 14. Qe2 f6 15. Nd3 a5 16. Bxe4 Bxe4 17. Nc5 Bxc5 18. dxc5 dxc4 19. Qxc4 Qd5 20. Qxd5 exd5 21. a3 Rfe8 22. Bd4 Bc2 23. b4 axb4 24. axb4 Bd3 25. Rfc1 Kf7 26. Kf2 g5 27. g3 Kg6 28. Rxa8 1/2-1/2

[Event "Paignton op"]
[Site "Paignton"]
[Date "2019.08.31"]
[Round "1"]
[White "Hurst, Eddie"]
[Black "Brusey, Alan W"]
[Result "1-0"]
[WhiteElo "1917"]
[BlackElo "2054"]
[PlyCount "111"]
[EventDate "2019.08.31"]
[EventType "swiss"]
[EventRounds "9"]
[EventCountry "ENG"]
[SourceTitle "EXT 2020"]
[Source "ChessBase"]
[SourceDate "2019.10.17"]
[SourceVersion "1"]
[SourceVersionDate "2019.10.17"]
[SourceQuality "1"]

1. d4 d5 2. Bf4 Nf6 3. e3 c5 4. c3 Nc6 5. Nd2 e6 6. Ngf3 Bd6 7. Bg3 Bxg3 8. hxg3 Qd6 9. Bb5 a6 10. Bxc6+ bxc6 11. Ne5 cxd4 12. exd4 c5 13. 0-0 cxd4 14. cxd4 0-0 15. Rc1 Qb6 16. Nb3 a5 17. Rc6 Qb5 18. Rc5 Qa4 19. Qc2 Ne4 20. Rc7 Ba6 21. Rc1 f6 22. Nd7 Bc4 23. Nxf8 Rxf8 24. Rxc4 dxc4 25. Qxc4 Qxc4 26. Rxc4 Rb8 27. g4 Kf7 28. f3 Nd6 29. Ra4 Nb7 30. Nc5 Nxc5 31. dxc5 Rb5 32. c6 Ke7 33. Rc4 Kd8 34. c7+ Kc8 35. b3 Rd5 36. Kh2 Rd2 37. a3 Rd3 38. Rc5 a4 39. bxa4 Rxa3 40. a5 e5 41. g5 fxg5 42. Rxe5 Kxc7 43. Rxg5 g6 44. Kg3 Kd6 45. Kf4 Ke6 46. Rb5 h6 47. Rb6+ Kf7 48. a6 Ra4+ 49. Ke5 Ra5+ 50. Kd6 Ra2 51. Rb7+ Kf6 52. a7 Kg5 53. g3 Ra3 54. Kc7 h5 55. Rb5+ Kh6 56. Kb7 1-0

[Event "Torquay op 52nd"]
[Site "Torquay"]
[Date "2018.11.11"]
[Round "4"]
[White "Paulden, Tim"]
[Black "Hurst, Eddie"]
[Result "1/2-1/2"]
[WhiteElo "1902"]
[BlackElo "1917"]
[PlyCount "60"]
[EventDate "2018.11.09"]
[EventType "swiss"]
[EventRounds "5"]
[EventCountry "ENG"]
[SourceTitle "EXT 2021"]
[Source "ChessBase"]
[SourceDate "2020.10.23"]
[SourceVersion "1"]
[SourceVersionDate "2020.10.23"]
[SourceQuality "1"]

1. b3 d5 2. Bb2 Bf5 3. e3 e6 4. f4 Nf6 5. Nf3 h6 6. g3 Be7 7. Bg2 0-0 8. 0-0 c6 9. d3 Nbd7 10. Qe2 a5 11. a4 Bh7 12. Nbd2 Qb6 13. Rae1 Qa6 14. Ne5 Nxe5 15. Bxe5 Nd7 16. Bb2 f5 17. Nf3 Bf6 18. Ba3 Rfe8 19. d4 b5 20. Bd6 bxa4 21. Qxa6 Rxa6 22. bxa4 Nb6 23. Nd2 Nxa4 24. Ra1 Nc3 25. Bb4 Ne4 26. Nxe4 fxe4 27. Rxa5 Rxa5 28. Bxa5 Ra8 29. Bb4 Ra2 30. Rc1 g5 1/2-1/2

[Event "Frome op"]
[Site "Frome"]
[Date "2018.05.19"]
[Round "5"]
[White "Hurst, Eddie"]
[Black "Martin, Lewis"]
[Result "1-0"]
[WhiteElo "1931"]
[BlackElo "2109"]
[PlyCount "43"]
[EventDate "2018.05.18"]
[EventType "swiss"]
[EventRounds "5"]
[EventCountry "ENG"]
[SourceTitle "CBM 184 Extra"]
[Source "ChessBase"]
[SourceDate "2018.06.28"]
[SourceVersion "1"]
[SourceVersionDate "2018.06.28"]
[SourceQuality "1"]

1. d4 Nf6 2. Bf4 e6 3. Nf3 b6 4. e3 Bb7 5. Nbd2 c5 6. c3 Be7 7. h3 0-0 8. Bd3 Nc6 9. 0-0 cxd4 10. exd4 Nh5 11. Bh2 f5 12. Nc4 d6 13. Qe2 Qd7 14. Rfe1 Nd8 15. Ne3 g6 16. Bc4 Ng7 17. a4 g5 18. d5 Kh8 19. dxe6 Ndxe6 20. Nxf5 Nf4 21. Qxe7 Qxf5 22. Qxb7 1-0

[Event "Wakefield 4NCL op-B 14th"]
[Site "Wokefield"]
[Date "2017.07.15"]
[Round "2"]
[White "Hurst, Eddie"]
[Black "Wolf, Gabriel"]
[Result "0-1"]
[WhiteElo "1465"]
[BlackElo "1890"]
[PlyCount "110"]
[EventDate "2017.07.14"]
[EventType "swiss"]
[EventRounds "5"]
[EventCountry "ENG"]
[SourceTitle "EXT 2018"]
[Source "ChessBase"]
[SourceDate "2017.10.13"]
[SourceVersion "1"]
[SourceVersionDate "2017.10.13"]
[SourceQuality "1"]

1. d4 Nf6 2. Bf4 d5 3. e3 c5 4. c3 Nc6 5. Bd3 e6 6. Nf3 cxd4 7. exd4 Nh5 8. Bg3 Nxg3 9. hxg3 g6 10. Nbd2 Bg7 11. Qe2 Bd7 12. Ne5 Nxe5 13. dxe5 Bc6 14. Nf3 Qe7 15. Nd4 Qg5 16. Nf3 Qe7 17. Qe3 f6 18. Rxh7 Rxh7 19. Bxg6+ Kd7 20. Bxh7 fxe5 21. 0-0-0 Rh8 22. Rh1 e4 23. Nd2 Bf8 24. Qf4 Rxh7 25. Rxh7 Qxh7 26. Qxf8 Qh1+ 27. Kc2 Qxg2 28. Qf7+ Kd6 29. Qf4+ Kd7 30. Qe3 b6 31. Qf4 Qh2 32. b4 Qh7 33. Kb2 Qf5 34. Qe3 Qf6 35. f3 d4 36. cxd4 exf3 37. Qf2 e5 38. dxe5 Qxe5+ 39. Kb1 Be4+ 40. Nxe4 Qxe4+ 41. Kc1 Ke6 42. Kd2 Kf5 43. a3 Qd5+ 44. Kc3 Qe5+ 45. Kd3 Qe4+ 46. Kd2 Kg4 47. Qh2 Qd4+ 48. Kc2 Qc4+ 49. Kd1 Qd3+ 50. Ke1 Qb1+ 51. Kf2 Qc2+ 52. Kg1 Qxh2+ 53. Kxh2 b5 54. Kg1 Kxg3 55. Kf1 f2 0-1